Score 0/25 Timer 08:00
0 Plays Today
% Correct
SpongeBob SquarePants
95.7%
Lost
94.6%
How I Met Your Mother
94.6%
Judge Judy
93.7%
Breaking Bad
90.2%
Ugly Betty
89%
Parks and Recreation
87.7%
Sex and the City
85.9%
Survivor
85.5%
The Walking Dead
84.9%
Schooled
82.6%
Bob's Burgers
78%
Veep
75.1%
% Correct
MythBusters
69.9%
Fuller House
66.1%
Mom
65%
Dharma & Greg
61.2%
Alias
54.2%
8 Simple Rules... for Dating My Teenage Daughter
51.3%
9-1-1
46.8%
Scream Queens
45%
Last Week Tonight with John Oliver
40.3%
Feud: Bette and Joan
35.8%
NewsRadio
35%
Kitchen Nightmares
33.5%

You're not logged in!

Compare scores with friends on all Sporcle quizzes.
OR
Log In

Sporcle TV

Today on Sporcle TV


Watch our educational content, quiz creation guides, and fun videos on Sporcle TV.

Show Comments

Extras

Top Quizzes Today


Score Distribution

Paid Content

Your Account Isn't Verified!

In order to create a playlist on Sporcle, you need to verify the email address you used during registration. Go to your Sporcle Settings to finish the process.

Report this User

Report this user for behavior that violates our Community Guidelines.

Details: